[Event "Hastings Masters"]
[Site "Hastings, England"]
[Date "2015.01.06"]
[Round "9.1"]
[White "Fier, Alexandr"]
[WhiteElo "2592"]
[Black "Zhao, Jun"]
[BlackElo "2585"]
[Result "1/2-1/2"]

1. d4 {[%clk 1:40:58]} Nf6 {[%clk 1:36:40]} 2. c4 {[%clk 1:41:25]} e6
{[%clk 1:36:42]} 3. Nc3 {[%clk 1:41:51]} Bb4 {[%clk 1:37:03]} 4. e3
{[%clk 1:42:19]} O-O {[%clk 1:37:13]} 5. Nge2 {[%clk 1:42:46]} d5
{[%clk 1:37:26]} 6. a3 {[%clk 1:43:11]} Be7 {[%clk 1:37:51]} 7. cxd5
{[%clk 1:43:37]} Nxd5 {[%clk 1:36:01]} 8. Bd2 {[%clk 1:43:14]} Nxc3
{[%clk 1:36:18]} 9. Bxc3 {[%clk 1:43:38]} b6 {[%clk 1:36:42]} 10. Ng3
{[%clk 1:42:58]} Bb7 {[%clk 1:36:54]} 11. Bd3 {[%clk 1:43:23]} Nd7
{[%clk 1:36:55]} 12. O-O {[%clk 1:43:46]} c5 {[%clk 1:33:44]} 13. Qc2
{[%clk 1:43:28]} g6 {[%clk 1:20:09]} 14. Rfd1 {[%clk 1:29:00]} cxd4
{[%clk 1:14:23]} 15. Bxd4 {[%clk 1:29:13]} Rc8 {[%clk 1:14:19]} 16. Qd2
{[%clk 1:14:44]} Qc7 {[%clk 0:56:22]} 17. Rac1 {[%clk 1:11:41]} Qb8
{[%clk 0:56:40]} 18. Be4 {[%clk 1:11:22]} Rxc1 {[%clk 0:44:19]} 19. Rxc1
{[%clk 1:11:47]} Rc8 {[%clk 0:44:44]} 20. Rxc8+ {[%clk 1:03:32]} Qxc8
{[%clk 0:45:09]} 21. Bc3 {[%clk 1:03:57]} Bf6 {[%clk 0:34:50]} 22. Bxb7
{[%clk 1:03:58]} Qxb7 {[%clk 0:35:16]} 23. Bxf6 {[%clk 1:01:36]} Nxf6
{[%clk 0:35:44]} 24. Qd4 {[%clk 1:02:00]} Qe7 {[%clk 0:34:02]} 25. Qe5
{[%clk 1:00:30]} Qd8 {[%clk 0:30:30]} 26. h3 {[%clk 0:59:46]} Kf8
{[%clk 0:30:12]} 27. Qg5 {[%clk 0:59:00]} Qe7 {[%clk 0:27:45]} 28. Qh6+
{[%clk 0:54:08]} Kg8 {[%clk 0:27:43]} 29. Qh4 {[%clk 0:54:17]} Qd8
{[%clk 0:22:59]} 30. Qa4 {[%clk 0:54:15]} Qd2 {[%clk 0:16:21]} 31. Qxa7
{[%clk 0:51:36]} 1/2-1/2

[Event "Hastings Masters"]
[Site "Hastings, England"]
[Date "2015.01.06"]
[Round "9.3"]
[White "Lagarde, Maxime"]
[WhiteElo "2576"]
[Black "Arkell, Keith C"]
[BlackElo "2489"]
[Result "1/2-1/2"]

1. g3 {[%clk 1:29:47]} d5 {[%clk 1:40:09]} 2. Nf3 {[%clk 1:30:06]} Bg4
{[%clk 1:38:38]} 3. Ne5 {[%clk 1:24:41]} Bf5 {[%clk 1:39:02]} 4. c4
{[%clk 1:24:31]} Nd7 {[%clk 1:34:56]} 5. Nxd7 {[%clk 1:19:20]} Qxd7
{[%clk 1:35:18]} 6. cxd5 {[%clk 1:16:56]} Qxd5 {[%clk 1:30:47]} 7. f3
{[%clk 1:17:12]} Bxb1 {[%clk 1:29:10]} 8. Rxb1 {[%clk 1:16:28]} Qxa2
{[%clk 1:23:21]} 9. Qc2 {[%clk 1:16:46]} c6 {[%clk 1:23:10]} 10. e4
{[%clk 1:16:56]} Qe6 {[%clk 1:15:25]} 11. b4 {[%clk 1:11:44]} a6 {[%clk 1:10:06]}
12. Bc4 {[%clk 1:02:19]} Qc8 {[%clk 1:09:34]} 13. O-O {[%clk 0:55:38]} b5
{[%clk 1:03:30]} 14. Ba2 {[%clk 0:46:00]} e6 {[%clk 1:02:55]} 15. Bb2
{[%clk 0:30:42]} Nf6 {[%clk 0:53:56]} 16. Rfc1 {[%clk 0:25:49]} Be7
{[%clk 0:53:48]} 17. Qxc6+ {[%clk 0:24:06]} Qxc6 {[%clk 0:54:13]} 18. Rxc6
{[%clk 0:24:32]} Kd7 {[%clk 0:53:27]} 19. Rbc1 {[%clk 0:20:23]} Rhc8
{[%clk 0:53:01]} 20. Rxc8 {[%clk 0:20:50]} Rxc8 {[%clk 0:53:28]} 21. Rxc8
{[%clk 0:21:16]} Kxc8 {[%clk 0:53:54]} 22. Bc3 {[%clk 0:21:43]} Nd7
{[%clk 0:53:07]} 23. d4 {[%clk 0:18:28]} Nb6 {[%clk 0:45:50]} 24. Kf2
{[%clk 0:18:17]} Kd7 {[%clk 0:38:59]} 25. Ke3 {[%clk 0:17:36]} h5
{[%clk 0:32:44]} 26. h4 {[%clk 0:14:40]} g6 {[%clk 0:32:21]} 27. Bb3
{[%clk 0:14:17]} Bd6 {[%clk 0:29:35]} 28. Be1 {[%clk 0:13:30]} Bf8
{[%clk 0:11:27]} 29. Kd3 {[%clk 0:13:09]} Nc8 {[%clk 0:09:12]} 30. g4
{[%clk 0:11:48]} Ne7 {[%clk 0:08:57]} 31. d5 {[%clk 0:10:57]} exd5
{[%clk 0:09:20]} 32. exd5 {[%clk 0:10:51]} Nc8 {[%clk 0:04:42]} 33. gxh5
{[%clk 0:09:39]} gxh5 {[%clk 0:05:11]} 34. f4 {[%clk 0:06:43]} Bd6
{[%clk 0:01:42]} 35. Bd1 {[%clk 0:04:36]} Ne7 {[%clk 0:01:50]} 36. Kd4
{[%clk 0:02:04]} Bxf4 {[%clk 0:00:36]} 37. Bxh5 {[%clk 0:01:56]} f5
{[%clk 0:01:05]} 38. Bf7 {[%clk 0:01:23]} Kd6 {[%clk 0:01:23]} 39. Be6
{[%clk 0:01:06]} Be5+ {[%clk 0:01:31]} 40. Kd3 {[%clk 0:01:33]} Nxd5
{[%clk 0:00:37]} 41. Bxf5 {[%clk 0:01:37]} Bf6 {[%clk 0:47:30]} 42. Ke4
{[%clk 0:48:22]} Bxh4 {[%clk 0:44:51]} 43. Bxh4 {[%clk 0:48:48]} Nxb4
{[%clk 0:45:17]} 44. Bg3+ {[%clk 0:49:02]} Kc5 {[%clk 0:45:28]} 45. Bf2+
{[%clk 0:49:06]} Kd6 {[%clk 0:45:22]} 46. Bb6 {[%clk 0:49:03]} Nd5
{[%clk 0:45:30]} 47. Ba5 {[%clk 0:49:15]} Kc5 {[%clk 0:44:53]} 48. Bd8
{[%clk 0:47:50]} Nc3+ {[%clk 0:43:08]} 49. Kd3 {[%clk 0:47:32]} Nd5
{[%clk 0:43:36]} 50. Kd2 {[%clk 0:46:56]} Nb6 {[%clk 0:42:52]} 51. Kc3
{[%clk 0:46:33]} a5 {[%clk 0:40:13]} 52. Be7+ {[%clk 0:46:41]} Kd5
{[%clk 0:40:10]} 53. Bh3 {[%clk 0:45:41]} b4+ {[%clk 0:33:47]} 54. Kd3
{[%clk 0:44:24]} Kc6 {[%clk 0:28:31]} 55. Kd4 {[%clk 0:44:50]} b3
{[%clk 0:24:24]} 56. Be6 {[%clk 0:42:08]} a4 {[%clk 0:12:38]} 57. Ba3
{[%clk 0:42:11]} Kb5 {[%clk 0:11:01]} 58. Bf7 {[%clk 0:40:22]} Kc6
{[%clk 0:09:38]} 59. Be8+ {[%clk 0:39:56]} Kc7 {[%clk 0:09:59]} 60. Bb5
{[%clk 0:39:37]} Kb7 {[%clk 0:06:56]} 61. Ke5 {[%clk 0:37:18]} Kc7
{[%clk 0:07:12]} 62. Ke6 {[%clk 0:37:17]} Kb7 {[%clk 0:07:00]} 63. Kd6
{[%clk 0:37:24]} Nc8+ {[%clk 0:07:14]} 64. Kd7 {[%clk 0:37:31]} Nb6+
{[%clk 0:07:20]} 65. Kd8 {[%clk 0:37:47]} Kb8 {[%clk 0:04:21]} 66. Ke7
{[%clk 0:36:35]} Kc7 {[%clk 0:04:20]} 67. Ke6 {[%clk 0:36:53]} Kb7
{[%clk 0:04:33]} 68. Kd6 {[%clk 0:36:51]} Nc8+ {[%clk 0:04:56]} 69. Kc5
{[%clk 0:37:16]} Nb6 {[%clk 0:05:00]} 70. Bf1 {[%clk 0:34:48]} Kc7
{[%clk 0:02:01]} 71. Kb5 {[%clk 0:34:38]} Kb7 {[%clk 0:01:37]} 72. Bg2+
{[%clk 0:34:47]} Kc7 {[%clk 0:01:56]} 73. Bf3 {[%clk 0:34:36]} Nd7
{[%clk 0:01:03]} 74. Kxa4 {[%clk 0:34:38]} Ne5 {[%clk 0:01:28]} 75. Be2
{[%clk 0:34:24]} Kc6 {[%clk 0:01:43]} 76. Kxb3 {[%clk 0:34:35]} Kd5
{[%clk 0:02:07]} 77. Kc3 {[%clk 0:34:36]} Ke4 {[%clk 0:02:31]} 78. Ba6
{[%clk 0:34:26]} Ng4 {[%clk 0:02:38]} 79. Bb7+ {[%clk 0:34:21]} Ke5
{[%clk 0:03:06]} 80. Bc5 {[%clk 0:34:14]} Nh6 {[%clk 0:02:31]} 81. Ba7
{[%clk 0:33:08]} Nf5 {[%clk 0:02:49]} 82. Kd3 {[%clk 0:33:12]} Nd6
{[%clk 0:02:42]} 83. Bc6 {[%clk 0:32:31]} Nf5 {[%clk 0:02:54]} 84. Bb8+
{[%clk 0:32:24]} Nd6 {[%clk 0:02:24]} 85. Bc7 {[%clk 0:31:27]} Ke6
{[%clk 0:02:53]} 86. Kd4 {[%clk 0:31:17]} Nf5+ {[%clk 0:03:15]} 87. Kc5
{[%clk 0:31:15]} Ng7 {[%clk 0:03:14]} 88. Bg2 {[%clk 0:30:39]} Nf5
{[%clk 0:01:53]} 89. Bh3 {[%clk 0:29:27]} Kf6 {[%clk 0:02:22]} 90. Kd5
{[%clk 0:29:46]} Ng7 {[%clk 0:02:15]} 91. Bd8+ {[%clk 0:29:35]} Kg6
{[%clk 0:02:26]} 92. Ke5 {[%clk 0:29:20]} Kf7 {[%clk 0:02:50]} 93. Ba5
{[%clk 0:24:57]} Kg6 {[%clk 0:03:10]} 94. Bb4 {[%clk 0:24:19]} Kf7
{[%clk 0:03:30]} 95. Bf1 {[%clk 0:24:29]} Kg6 {[%clk 0:03:39]} 96. Bd3+
{[%clk 0:24:28]} Kf7 {[%clk 0:04:08]} 97. Bc2 {[%clk 0:24:10]} Nh5
{[%clk 0:04:00]} 98. Be1 {[%clk 0:20:19]} Ng7 {[%clk 0:04:21]} 99. Bh4
{[%clk 0:20:06]} Ne8 {[%clk 0:03:16]} 100. Be4 {[%clk 0:16:47]} Ng7
{[%clk 0:03:44]} 101. Bd3 {[%clk 0:16:57]} Nh5 {[%clk 0:02:26]} 102. Kf5
{[%clk 0:17:05]} Ng7+ {[%clk 0:02:41]} 103. Kg5 {[%clk 0:17:26]} Ne6+
{[%clk 0:14:16]} 104. Kg4 {[%clk 0:31:22]} Ng7 {[%clk 0:13:17]} 105. Kg5
{[%clk 0:29:15]} Ne6+ {[%clk 0:13:45]} 106. Kh6 {[%clk 0:29:40]} Nc7
{[%clk 0:13:39]} 107. Bg3 {[%clk 0:28:26]} Ne6 {[%clk 0:12:55]} 108. Be5
{[%clk 0:27:18]} Nc5 {[%clk 0:13:08]} 109. Bc4+ {[%clk 0:27:34]} Ke7
{[%clk 0:13:37]} 110. Kg6 {[%clk 0:27:47]} Kd7 {[%clk 0:13:02]} 111. Kf5
{[%clk 0:28:04]} Kc6 {[%clk 0:13:26]} 112. Bb2 {[%clk 0:27:53]} Nb7
{[%clk 0:13:36]} 113. Be2 {[%clk 0:28:15]} Kb6 {[%clk 0:13:45]} 114. Ke6
{[%clk 0:28:32]} Kc7 {[%clk 0:13:13]} 115. Be5+ {[%clk 0:28:40]} Kb6
{[%clk 0:13:41]} 116. Kd7 {[%clk 0:29:00]} Nc5+ {[%clk 0:13:47]} 117. Kc8
{[%clk 0:29:26]} Kc6 {[%clk 0:13:38]} 118. Bf1 {[%clk 0:29:09]} 1/2-1/2

[Event "Hastings Masters"]
[Site "Hastings, England"]
[Date "2015.01.06"]
[Round "9.4"]
[White "Hebden, Mark L"]
[WhiteElo "2523"]
[Black "Kjartansson, Gudmundur"]
[BlackElo "2451"]
[Result "0-1"]

1. d4 {[%clk 1:40:47]} d5 {[%clk 1:40:51]} 2. Nf3 {[%clk 1:41:09]} Nf6
{[%clk 1:41:09]} 3. c4 {[%clk 1:41:22]} e6 {[%clk 1:41:33]} 4. Bg5
{[%clk 1:40:49]} h6 {[%clk 1:41:55]} 5. Bxf6 {[%clk 1:40:58]} Qxf6
{[%clk 1:42:20]} 6. Nc3 {[%clk 1:41:20]} c6 {[%clk 1:42:45]} 7. Qb3
{[%clk 1:41:44]} Qe7 {[%clk 1:42:59]} 8. a3 {[%clk 1:42:07]} Nd7 {[%clk 1:43:00]}
9. Rd1 {[%clk 1:39:16]} g5 {[%clk 1:36:16]} 10. e4 {[%clk 1:38:01]} Bg7
{[%clk 1:33:27]} 11. Be2 {[%clk 1:34:49]} g4 {[%clk 1:26:26]} 12. Nd2
{[%clk 1:30:50]} e5 {[%clk 1:19:32]} 13. cxd5 {[%clk 1:25:20]} exd4
{[%clk 1:19:41]} 14. dxc6 {[%clk 1:21:42]} bxc6 {[%clk 1:11:38]} 15. Na4
{[%clk 1:20:50]} Ne5 {[%clk 1:02:57]} 16. O-O {[%clk 1:20:18]} O-O
{[%clk 0:58:09]} 17. Nc4 {[%clk 1:17:13]} Be6 {[%clk 0:50:31]} 18. Qc2
{[%clk 1:17:21]} Nxc4 {[%clk 0:48:07]} 19. Bxc4 {[%clk 1:17:40]} Bxc4
{[%clk 0:48:14]} 20. Qxc4 {[%clk 1:18:04]} Qxe4 {[%clk 0:48:31]} 21. Rd3
{[%clk 1:17:46]} Qg6 {[%clk 0:40:32]} 22. Nc5 {[%clk 1:16:50]} Rad8
{[%clk 0:35:54]} 23. Rfd1 {[%clk 1:14:18]} Rfe8 {[%clk 0:32:20]} 24. R3d2
{[%clk 1:11:15]} h5 {[%clk 0:26:04]} 25. Re2 {[%clk 1:09:39]} h4 {[%clk 0:22:01]}
26. Qd3 {[%clk 1:00:50]} Qxd3 {[%clk 0:17:17]} 27. Rxe8+ {[%clk 1:01:14]} Rxe8
{[%clk 0:17:44]} 28. Nxd3 {[%clk 1:01:38]} Re2 {[%clk 0:17:34]} 29. Kf1
{[%clk 1:01:04]} Rc2 {[%clk 0:17:41]} 30. Ke1 {[%clk 1:00:07]} c5
{[%clk 0:13:28]} 31. Rd2 {[%clk 0:59:30]} Rxd2 {[%clk 0:13:20]} 32. Kxd2
{[%clk 0:59:59]} c4 {[%clk 0:13:42]} 33. Nb4 {[%clk 0:59:28]} d3 {[%clk 0:08:34]}
34. Nc6 {[%clk 0:50:25]} Bxb2 {[%clk 0:08:08]} 35. a4 {[%clk 0:50:40]} h3
{[%clk 0:06:11]} 36. g3 {[%clk 0:47:55]} a6 {[%clk 0:03:06]} 37. Ne7+
{[%clk 0:44:41]} Kf8 {[%clk 0:01:52]} 38. Nc6 {[%clk 0:42:00]} f6
{[%clk 0:01:28]} 39. Na5 {[%clk 0:38:07]} Bd4 {[%clk 0:01:23]} 40. Nxc4
{[%clk 0:38:16]} Bxf2 {[%clk 0:01:47]} 41. Ne3 {[%clk 0:32:24]} Bxe3+
{[%clk 0:01:54]} 0-1

[Event "Hastings Masters"]
[Site "Hastings, England"]
[Date "2015.01.06"]
[Round "9.5"]
[White "Rodshtein, Maxim"]
[WhiteElo "2676"]
[Black "Gormally, Daniel W"]
[BlackElo "2499"]
[Result "1-0"]

1. d4 {[%clk 1:40:56]} Nf6 {[%clk 1:40:49]} 2. c4 {[%clk 1:41:17]} e6
{[%clk 1:40:44]} 3. Nf3 {[%clk 1:41:38]} b6 {[%clk 1:40:50]} 4. g3
{[%clk 1:41:43]} Bb7 {[%clk 1:40:57]} 5. Bg2 {[%clk 1:42:07]} g6 {[%clk 1:41:13]}
6. O-O {[%clk 1:41:12]} Bg7 {[%clk 1:40:58]} 7. Nc3 {[%clk 1:40:48]} Ne4
{[%clk 1:40:47]} 8. Nxe4 {[%clk 1:36:25]} Bxe4 {[%clk 1:41:11]} 9. Bg5
{[%clk 1:36:49]} Qc8 {[%clk 1:40:42]} 10. Qd2 {[%clk 1:36:27]} O-O
{[%clk 1:38:34]} 11. Bh6 {[%clk 1:28:52]} Qb7 {[%clk 1:15:51]} 12. d5
{[%clk 1:19:06]} exd5 {[%clk 1:09:54]} 13. Bxg7 {[%clk 1:19:14]} Kxg7
{[%clk 1:09:47]} 14. cxd5 {[%clk 1:19:38]} Bxd5 {[%clk 1:03:48]} 15. Rfd1
{[%clk 1:19:35]} Be4 {[%clk 1:00:02]} 16. Rac1 {[%clk 1:10:47]} c5
{[%clk 0:51:31]} 17. b4 {[%clk 1:04:14]} Na6 {[%clk 0:39:13]} 18. b5
{[%clk 0:53:46]} Nc7 {[%clk 0:15:20]} 19. Qb2+ {[%clk 0:48:27]} 1-0

[Event "Hastings Masters"]
[Site "Hastings, England"]
[Date "2015.01.06"]
[Round "9.6"]
[White "Bogner, Sebastian"]
[WhiteElo "2586"]
[Black "Flear, Glenn C"]
[BlackElo "2460"]
[Result "1/2-1/2"]

1. e4 e5 2. Nf3 Nc6 3. Bc4 Bc5 4. c3 {[%clk 1:38:43]} Nf6 {[%clk 1:39:15]} 5. d3
a6 6. Bb3 Ba7 7. Nbd2 O-O 8. Nf1 d5 9. Qe2 dxe4 10. dxe4 Ng4 11. Ne3 Na5 12. Bc2
Nxe3 13. Bxe3 Bxe3 14. Qxe3 Qe7 15. O-O Bg4 16. Nd2 Rfd8 17. f3 Be6 18. Rfd1 h6
19. b4 Nc4 20. Nxc4 Bxc4 21. a3 Rxd1+ 22. Rxd1 Rd8 23. Rxd8+ 1/2-1/2

[Event "Hastings Masters"]
[Site "Hastings, England"]
[Date "2015.01.06"]
[Round "9.7"]
[White "Sengupta, Deep"]
[WhiteElo "2566"]
[Black "Gledura, Benjamin"]
[BlackElo "2450"]
[Result "1/2-1/2"]

1. e4 e5 2. Nf3 Nc6 3. Bb5 a6 4. Bxc6 dxc6 5. O-O Be7 6. d3 Bf6 7. Be3 Ne7 8. h3
O-O 9. d4 exd4 10. Bxd4 Ng6 11. Nc3 Be6 12. Bxf6 Qxf6 13. Qd4 Qe7 14. Rad1 Rad8
15. Qe3 c5 16. a3 b6 17. Rxd8 Rxd8 18. Rd1 Rxd1+ 19. Nxd1 Qd6 20. Nc3 f6 21. Qe2
b5 22. Qe3 Ne5 23. Nxe5 fxe5 24. Kh2 h6 25. Ne2 b4 26. c3 a5 27. f4 exf4 28. Qxf4
g5 29. Qxd6 cxd6 30. cxb4 axb4 31. axb4 cxb4 32. Nd4 Kf7 33. Kg3 Kf6 34. Nc6 b3
35. Kf3 h5 36. Ke3 h4 37. Kd3 g4 38. hxg4 Bxg4 39. Nd4 Ke5 40. Ke3 d5 41. exd5
Kxd5 42. Nxb3 h3 43. gxh3 1/2-1/2

[Event "Hastings Masters"]
[Site "Hastings, England"]
[Date "2015.01.06"]
[Round "9.8"]
[White "Hawkins, Jonathan"]
[WhiteElo "2552"]
[Black "Galyas, Miklos"]
[BlackElo "2428"]
[Result "1-0"]

1. Nf3 {[%clk 1:40:39]} d6 {[%clk 1:40:41]} 2. e4 {[%clk 1:39:49]} Nf6
{[%clk 1:40:56]} 3. Nc3 {[%clk 1:39:42]} g6 {[%clk 1:40:59]} 4. d4
{[%clk 1:39:38]} Bg7 {[%clk 1:41:21]} 5. Be3 {[%clk 1:38:44]} O-O
{[%clk 1:40:54]} 6. Qd2 {[%clk 1:38:26]} a6 {[%clk 1:40:46]} 7. Bh6
{[%clk 1:37:37]} b5 {[%clk 1:40:06]} 8. Bd3 {[%clk 1:37:41]} Bb7 {[%clk 1:39:18]}
9. Bxg7 {[%clk 1:36:06]} Kxg7 {[%clk 1:39:46]} 10. e5 {[%clk 1:36:28]} Nh5
{[%clk 1:16:56]} 11. Qe3 {[%clk 1:28:18]} f6 {[%clk 1:09:36]} 12. Be4
{[%clk 1:17:11]} Bxe4 {[%clk 1:00:34]} 13. Nxe4 {[%clk 1:04:49]} Qc8
{[%clk 0:51:12]} 14. Ng3 {[%clk 1:02:58]} Qe6 {[%clk 0:44:57]} 15. Nxh5+
{[%clk 1:00:43]} gxh5 {[%clk 0:45:25]} 16. O-O {[%clk 1:00:06]} Nc6
{[%clk 0:38:17]} 17. exf6+ {[%clk 0:59:10]} Qxf6 {[%clk 0:38:14]} 18. d5
{[%clk 0:59:34]} Nd8 {[%clk 0:37:32]} 19. Rae1 {[%clk 0:59:04]} Re8
{[%clk 0:35:40]} 20. Nd4 {[%clk 0:58:55]} c5 {[%clk 0:27:40]} 21. dxc6
{[%clk 0:55:56]} Rc8 {[%clk 0:27:48]} 22. Qe4 {[%clk 0:55:08]} Kh8
{[%clk 0:27:43]} 23. f4 {[%clk 0:52:32]} e6 {[%clk 0:26:59]} 24. c3
{[%clk 0:51:23]} d5 {[%clk 0:24:49]} 25. Qe2 {[%clk 0:51:47]} Nxc6
{[%clk 0:24:26]} 26. Nxc6 {[%clk 0:49:16]} Rxc6 {[%clk 0:22:03]} 27. Qxh5
{[%clk 0:49:41]} Re7 {[%clk 0:21:55]} 28. Qe5 {[%clk 0:49:12]} Kg7
{[%clk 0:17:09]} 29. f5 {[%clk 0:48:42]} Qxe5 {[%clk 0:14:44]} 30. Rxe5
{[%clk 0:49:06]} Kf6 {[%clk 0:15:00]} 31. Rfe1 {[%clk 0:49:21]} Rc4
{[%clk 0:13:04]} 32. fxe6 {[%clk 0:46:00]} b4 {[%clk 0:12:24]} 33. cxb4
{[%clk 0:43:46]} Rxb4 {[%clk 0:10:24]} 34. R5e2 {[%clk 0:44:08]} a5
{[%clk 0:09:12]} 35. Rf2+ {[%clk 0:43:36]} Kg6 {[%clk 0:08:59]} 36. Re3
{[%clk 0:43:15]} Re4 {[%clk 0:06:02]} 37. Rg3+ {[%clk 0:41:54]} Kh6
{[%clk 0:06:16]} 38. Rf6+ {[%clk 0:39:41]} Kh5 {[%clk 0:06:44]} 39. Rf5+
{[%clk 0:39:56]} Kh6 {[%clk 0:05:39]} 40. Rxd5 {[%clk 0:39:13]} R7xe6
{[%clk 0:05:52]} 41. h3 {[%clk 0:39:03]} Rb4 {[%clk 0:03:28]} 42. Rd2
{[%clk 0:33:53]} a4 {[%clk 0:02:48]} 43. Rgd3 {[%clk 0:29:51]} Re1+
{[%clk 0:49:58]} 44. Kh2 {[%clk 1:18:25]} Ree4 {[%clk 0:47:43]} 45. g4
{[%clk 1:12:17]} Re5 {[%clk 0:46:56]} 46. Kg3 {[%clk 1:09:51]} Reb5
{[%clk 0:46:34]} 47. Rd4 {[%clk 1:08:00]} Kg5 {[%clk 0:46:04]} 48. Rd6
{[%clk 1:06:45]} 1-0

[Event "Hastings Masters"]
[Site "Hastings, England"]
[Date "2015.01.06"]
[Round "9.9"]
[White "Vakhidov, Jahongir"]
[WhiteElo "2502"]
[Black "Kirk, Ezra"]
[BlackElo "2308"]
[Result "1-0"]

1. d4 {[%clk 1:31:15]} Nf6 {[%clk 1:40:05]} 2. Nf3 {[%clk 1:31:27]} g6
{[%clk 1:40:20]} 3. c4 {[%clk 1:31:09]} Bg7 {[%clk 1:40:39]} 4. g3
{[%clk 1:29:55]} O-O {[%clk 1:40:47]} 5. Bg2 {[%clk 1:30:18]} c5 {[%clk 1:40:29]}
6. O-O {[%clk 1:29:37]} cxd4 {[%clk 1:40:55]} 7. Nxd4 {[%clk 1:29:55]} Nc6
{[%clk 1:41:16]} 8. Nc3 {[%clk 1:27:52]} Qa5 {[%clk 1:40:42]} 9. Nc2
{[%clk 1:20:53]} d6 {[%clk 1:38:56]} 10. e4 {[%clk 1:20:46]} Bg4 {[%clk 1:33:16]}
11. f3 {[%clk 1:19:33]} Bd7 {[%clk 1:30:03]} 12. Qe2 {[%clk 1:10:56]} Rfc8
{[%clk 1:22:24]} 13. Rd1 {[%clk 0:55:49]} Ne5 {[%clk 1:13:44]} 14. Ne3
{[%clk 0:55:57]} Qc5 {[%clk 0:52:49]} 15. b3 {[%clk 0:53:29]} a6 {[%clk 0:46:50]}
16. Kh1 {[%clk 0:52:58]} Rab8 {[%clk 0:42:29]} 17. Ned5 {[%clk 0:28:43]} Nxd5
{[%clk 0:42:22]} 18. Nxd5 {[%clk 0:29:07]} Kf8 {[%clk 0:31:35]} 19. Be3
{[%clk 0:27:55]} Qa5 {[%clk 0:31:55]} 20. a4 {[%clk 0:20:57]} Rc6
{[%clk 0:24:34]} 21. Rac1 {[%clk 0:15:04]} Qd8 {[%clk 0:19:25]} 22. h3
{[%clk 0:14:24]} Be6 {[%clk 0:17:04]} 23. c5 {[%clk 0:07:33]} Bxd5
{[%clk 0:12:59]} 24. exd5 {[%clk 0:07:44]} Rcc8 {[%clk 0:13:25]} 25. f4
{[%clk 0:07:02]} Nd7 {[%clk 0:13:47]} 26. c6 {[%clk 0:07:21]} Nc5
{[%clk 0:14:13]} 27. Rxc5 {[%clk 0:06:02]} dxc5 {[%clk 0:14:19]} 28. Bxc5
{[%clk 0:06:31]} Kg8 {[%clk 0:06:45]} 29. d6 {[%clk 0:06:37]} exd6
{[%clk 0:05:44]} 30. Bxd6 {[%clk 0:07:02]} Qb6 {[%clk 0:05:04]} 31. Bxb8
{[%clk 0:07:08]} Rxb8 {[%clk 0:05:29]} 32. cxb7 {[%clk 0:07:26]} Qxb3
{[%clk 0:05:17]} 33. Rc1 {[%clk 0:07:16]} Rf8 {[%clk 0:03:59]} 34. Rc8
{[%clk 0:07:34]} Bd4 {[%clk 0:03:38]} 35. b8=Q {[%clk 0:05:55]} 1-0

[Event "Hastings Masters"]
[Site "Hastings, England"]
[Date "2015.01.06"]
[Round "9.10"]
[White "Kheit, Wahbi"]
[WhiteElo "2223"]
[Black "Hunt, Adam C"]
[BlackElo "2437"]
[Result "1-0"]

1. Nf3 {[%clk 1:39:05]} Nf6 {[%clk 1:40:44]} 2. c4 {[%clk 1:39:08]} g6
{[%clk 1:40:52]} 3. d4 {[%clk 1:35:18]} Bg7 {[%clk 1:40:38]} 4. g3
{[%clk 1:29:45]} O-O {[%clk 1:37:44]} 5. Bg2 {[%clk 1:29:36]} d6 {[%clk 1:37:29]}
6. O-O {[%clk 1:29:12]} Nc6 {[%clk 1:37:20]} 7. d5 {[%clk 1:29:21]} Na5
{[%clk 1:37:13]} 8. Nfd2 {[%clk 1:28:10]} c5 {[%clk 1:29:23]} 9. Qc2
{[%clk 1:27:12]} Bf5 {[%clk 1:26:38]} 10. e4 {[%clk 1:25:56]} Bd7
{[%clk 1:26:55]} 11. Nc3 {[%clk 1:24:53]} a6 {[%clk 1:25:11]} 12. b3
{[%clk 1:23:52]} b5 {[%clk 1:24:41]} 13. Bb2 {[%clk 1:21:26]} Rb8
{[%clk 1:24:28]} 14. Rab1 {[%clk 1:20:18]} e5 {[%clk 1:24:10]} 15. Ne2
{[%clk 1:19:02]} Nh5 {[%clk 1:15:48]} 16. Bc3 {[%clk 1:15:08]} b4
{[%clk 1:12:35]} 17. Bb2 {[%clk 1:13:17]} f5 {[%clk 1:09:12]} 18. f4
{[%clk 1:11:11]} Qe7 {[%clk 1:06:22]} 19. fxe5 {[%clk 1:08:50]} dxe5
{[%clk 1:06:01]} 20. a3 {[%clk 1:02:14]} Nb7 {[%clk 1:05:38]} 21. axb4
{[%clk 0:58:50]} cxb4 {[%clk 1:05:57]} 22. Bh3 {[%clk 0:56:39]} f4
{[%clk 1:00:11]} 23. Bxd7 {[%clk 0:56:15]} Qxd7 {[%clk 1:00:25]} 24. Nf3
{[%clk 0:54:33]} fxg3 {[%clk 0:54:34]} 25. Nxg3 {[%clk 0:53:38]} Qh3
{[%clk 0:45:26]} 26. Ng5 {[%clk 0:45:58]} Qg4 {[%clk 0:43:37]} 27. Ne6
{[%clk 0:44:35]} Nxg3 {[%clk 0:42:04]} 28. hxg3 {[%clk 0:44:33]} Qxg3+
{[%clk 0:41:37]} 29. Qg2 {[%clk 0:44:02]} Qe3+ {[%clk 0:35:16]} 30. Kh2
{[%clk 0:41:39]} Qh6+ {[%clk 0:31:48]} 31. Kg3 {[%clk 0:39:06]} Bf6
{[%clk 0:25:25]} 32. Qe2 {[%clk 0:34:40]} Nd6 {[%clk 0:16:56]} 33. Kg2
{[%clk 0:31:43]} Rf7 {[%clk 0:09:26]} 34. Rxf6 {[%clk 0:27:45]} 1-0